| 000 | 00689cam a22002533a 4500 | ||
|---|---|---|---|
| 001 | 10198 | ||
| 003 | PGUSA | ||
| 005 | 20140828083221.0 | ||
| 008 | 031101s2003||||xxu|||||s|||||000 | eng d | ||
| 040 |
_aPGUSA _beng |
||
| 042 | _adc | ||
| 050 | 4 | _aM | |
| 245 | 1 | 0 |
_aBarbara Allen _h[electronic resource] |
| 260 |
_bProject Gutenberg, _c2003 |
||
| 500 | _aRecorded August 15, 1928. | ||
| 506 | _aPublic domain in the USA. | ||
| 516 | _aElectronic text | ||
| 653 | _aFolk songs, English -- United States | ||
| 653 | _aOld-time music | ||
| 700 | 1 |
_aLuther, Frank, _d1905-1980 |
|
| 830 | 0 |
_aProject Gutenberg _v10198 |
|
| 856 | 4 | 0 | _uhttp://www.gutenberg.org/ebooks/10198 |
| 942 | _cEB | ||
| 999 |
_c239453 _d239453 |
||